La sortija y otros cuentos de terror /

Guardado en:
Autor Principal: Brandán Aráoz, María
Formato: Libro
Publicado: Buenos Aires : Sigmar, 1999
Series:Sueños de papel
Materias:
Etiquetas: Agregar Etiqueta
Sin Etiquetas, Sea el primero en etiquetar este registro!
LEADER 00810nam a22002655a 4500
001 CEM.cems010046
005 20100907110541.0
008 130507s1999##################000#0#####d
003 CEMS
020 |a 9501113469 
082 0 4 |a A868.4 
100 1 |a Brandán Aráoz, María 
245 1 0 |a La sortija y otros cuentos de terror /  |c María Brandán Aráoz 
260 |a Buenos Aires :  |b Sigmar,  |c 1999 
300 |a 71 p. 
490 0 |a Sueños de papel 
505 0 |a La casona del ogro -- El juego de la copa -- La sortija -- Salvaje 
653 |a Literatura 
653 |a Literatura argentina 
653 |a Cuentos 
653 |a Cuentos argentinos 
653 |a Literatura juvenil 
653 |a Literatura de terror 
653 |a Cuentos de terror 
859 |a CEMS  |b BIB. CEMS - 11 de abril  |h A868.4  |i B733  |p 20562.99  |t Ej.1